000
00266nam a2200097Ia 4500
001
694953
005
20250826161943.0
008
250824s9999 xx 000 0 und d
245
0
_a
KRAL JOHNUN YAŞAMI VE ÖLÜMÜ
_c
WILLIAM SHAKESPEARE
260
_b
TÜRKİYE İŞ BANKASI
999
_c
694953
_d
694953